|
|
|
|
| LEADER |
01374nam a2200325 a 4500 |
| 001 |
15557750 |
| 008 |
111208s2010 njua b 001 0 eng |
| 010 |
|
|
|a 2008052712
|
| 020 |
|
|
|a 9780136083924 (casebound)
|
| 020 |
|
|
|a 0136083927 (casebound)
|
| 020 |
|
|
|a 9780138005061
|
| 040 |
|
|
|a DLC
|c DLC
|d YDX
|d BTCTA
|d YDXCP
|d BWX
|d DLC
|d BD-DhAAL
|
| 050 |
0 |
0 |
|a HD60
|b .B37 2010
|
| 082 |
0 |
0 |
|a 658.4/08
|2 22
|
| 100 |
1 |
|
|a Baron, David P.
|
| 245 |
1 |
0 |
|a Business and its environment /
|c David P. Baron.
|
| 250 |
|
|
|a 6th ed.
|
| 260 |
|
|
|a Upper Saddle River, N.J. :
|b Prentice Hall,
|c c2010.
|
| 300 |
|
|
|a xx, 812 p. :
|b ill. ;
|c 29 cm.
|
| 504 |
|
|
|a Includes bibliographical references (p. 784-795) and index.
|
| 541 |
|
|
|e 00023907
|
| 650 |
|
0 |
|a Social responsibility of business.
|
| 650 |
|
0 |
|a Industrial policy.
|
| 650 |
|
0 |
|a Commercial law.
|
| 650 |
|
0 |
|a Business ethics.
|
| 852 |
1 |
|
|a Ayesha Abed Library
|c General shelf.
|
| 942 |
0 |
0 |
|0 1
|
| 999 |
|
|
|c 11534
|d 11534
|
| 952 |
|
|
|0 0
|1 0
|2 ddc
|4 0
|6 658_408000000000000_BAR
|7 0
|9 18780
|a BRACUL
|b BRACUL
|c GEN
|d 2011-12-01
|e Essence Science Publications
|g 4900.00
|l 16
|m 82
|o 658.408 BAR
|p 3010023907
|r 2018-07-03
|s 2018-07-03
|t 1
|w 2011-12-07
|y BK
|
| 952 |
|
|
|0 0
|1 0
|2 ddc
|4 0
|6 658_408000000000000_BAR
|7 0
|9 18781
|a BRACUL
|b BRACUL
|c GEN
|d 2011-12-01
|e Essence Science Publications
|g 4900.00
|l 12
|m 55
|o 658.408 BAR
|p 3010023908
|r 2021-09-12
|s 2020-02-16
|t 2
|w 2011-12-07
|y BK
|